000 01560nam a2200325 4500
001 325
003 OSt
005 20250528074018.0
008 250327b |||||||g |||| 00| 1 eng d
040 _bpor
041 _heng
_apor
082 _a028.5
_bB972k
100 1 _aBurroughs, Edgar Rice,
_d1875-1950
_9665
240 _aKorak The son of Tarzan, n° 02
245 _aKorak
_bO filho de Tarzan, n° 02 /
_cBurroughs, Edgar Rice ; História de Len Wein
260 _aSão Paulo
_bEBAL
_c1976
300 _a34 p.
_bil.
490 1 _aKorak O filho de Tarzan
_vvol. 02
520 _aJack apareceu pela primeira vez como uma criança no romance Eternal Love (mais tarde renomeado para The Eternal Savage), em que o Homem Macaco e sua família desempenham papéis secundários. Sua próxima aparição (ainda como uma criança) foi em The Beasts of Tarzan, o terceiro romance Tarzan, em que ele foi raptado e levado para a África. A história de sua juventude e de crescimento para a maturidade foi contada no quarto romance, O Filho de Tarzan, em que ele retornou à África e viveu na selva, levando pela primeira vez o nome Korak ("Assassino", na língua mangani). A maioria das referências a ele foram como "Korak o assassino."
650 0 _aLiteratura Americana
_984
650 0 _aInfantojuvenil
_9200
650 0 _aAventura
_947
650 0 _aAção
_964
650 0 _aSelva
_9666
655 0 _aHQs
_9247
655 0 _aFicção
_922
700 _aLen Wein
_eHistória
_9667
830 _aKorak O filho de Tarzan
_vvol. 02
_9668
942 _2ddc
_n0
_cBK
999 _c325
_d325